000 00465nam a2200133Ia 4500
008 100328s9999 xx 000 0 und d
082 _b9064
100 _aआपटे ह.ना.
245 _aडिझेल अथवा ऑॅईल इंजिन्स
260 _bउद्यम
630 _aडिझेल अथवा ऑॅईल इंजिन्स
730 _aडिझेल अथवा ऑॅईल इंजिन्स
942 _cBOOK
999 _c504787
_d504784